000
00243nam a2200097Ia 4500
001
1250283
005
20251031150853.0
008
251031s9999 xx 000 0 und d
245
0
_c
BARAN AYDIN
_a
A-5 10'LAR KONSEYİ
260
_b
DESTEK YAYINLARI
999
_c
1250283
_d
1250283